<?xml version="1.0" encoding="UTF-8"?>
<record
    xmlns:xsi="http://www.w3.org/2001/XMLSchema-instance"
    xsi:schemaLocation="http://www.loc.gov/MARC21/slim http://www.loc.gov/standards/marcxml/schema/MARC21slim.xsd"
    xmlns="http://www.loc.gov/MARC21/slim">

  <leader>01062mc  a2200313a 44500</leader>
  <controlfield tag="001">NM030066</controlfield>
  <controlfield tag="003">RG CODE MARC</controlfield>
  <controlfield tag="008">75020s1991    ||||||||||||||000 | spa||</controlfield>
  <controlfield tag="005">20251028183340.0</controlfield>
  <datafield tag="020" ind1=" " ind2=" ">
    <subfield code="a">84-86077-90-7</subfield>
  </datafield>
  <datafield tag="040" ind1=" " ind2=" ">
    <subfield code="a">ORG CODE MARC </subfield>
  </datafield>
  <datafield tag="100" ind1=" " ind2=" ">
    <subfield code="a">Bravo, Carlos</subfield>
    <subfield code="9">19981</subfield>
  </datafield>
  <datafield tag="245" ind1=" " ind2=" ">
    <subfield code="a">Galilea a&#xF1;o 30</subfield>
    <subfield code="b">para leer el evangelio de Marcos</subfield>
    <subfield code="c">Carlos Bravo</subfield>
  </datafield>
  <datafield tag="260" ind1=" " ind2=" ">
    <subfield code="a">C&#xF3;rdoba, Espa&#xF1;a</subfield>
    <subfield code="b">El Almendro</subfield>
  </datafield>
  <datafield tag="300" ind1=" " ind2=" ">
    <subfield code="a">178 p.</subfield>
    <subfield code="b">21 cm.</subfield>
  </datafield>
  <datafield tag="490" ind1=" " ind2=" ">
    <subfield code="a">En torno al Nuevo Testamento</subfield>
  </datafield>
  <datafield tag="500" ind1=" " ind2=" ">
    <subfield code="a">Donaci&#xF3;n de Pablo Vernola, 2025</subfield>
  </datafield>
  <datafield tag="505" ind1=" " ind2=" ">
    <subfield code="t">1. Jes&#xFA;s, el Mes&#xED;as, el Hijo de Dios</subfield>
  </datafield>
  <datafield tag="505" ind1=" " ind2=" ">
    <subfield code="t">2. Jes&#xFA;s, responsable por la vida</subfield>
  </datafield>
  <datafield tag="505" ind1=" " ind2=" ">
    <subfield code="t">3. Jes&#xFA;s y los Doce, responsables por la vida</subfield>
  </datafield>
  <datafield tag="505" ind1=" " ind2=" ">
    <subfield code="t">4. Crisis y confirmaci&#xF3;n</subfield>
  </datafield>
  <datafield tag="505" ind1=" " ind2=" ">
    <subfield code="t">5. Formaci&#xF3;n a los doce disc&#xED;pulos</subfield>
  </datafield>
  <datafield tag="505" ind1=" " ind2=" ">
    <subfield code="t">6. El juicio de Jes&#xFA;s contra Jerusal&#xE9;n. Ultimos d&#xED;as de su vida</subfield>
  </datafield>
  <datafield tag="505" ind1=" " ind2=" ">
    <subfield code="t">7. El juicio de Jerusal&#xE9;n contra Jes&#xFA;s</subfield>
  </datafield>
  <datafield tag="505" ind1=" " ind2=" ">
    <subfield code="t">8. Inconclusi&#xF3;n</subfield>
  </datafield>
  <datafield tag="653" ind1=" " ind2=" ">
    <subfield code="a">EVANGELIO DE MARCOS</subfield>
  </datafield>
  <datafield tag="800" ind1=" " ind2=" ">
    <subfield code="a">Pelaez, Jes&#xFA;s</subfield>
    <subfield code="9">40919</subfield>
  </datafield>
  <datafield tag="942" ind1=" " ind2=" ">
    <subfield code="c">BK</subfield>
  </datafield>
  <datafield tag="999" ind1=" " ind2=" ">
    <subfield code="c">29373</subfield>
    <subfield code="d">29373</subfield>
  </datafield>
  <datafield tag="952" ind1=" " ind2=" ">
    <subfield code="0">0</subfield>
    <subfield code="1">0</subfield>
    <subfield code="4">0</subfield>
    <subfield code="7">0</subfield>
    <subfield code="a">BP</subfield>
    <subfield code="b">BP</subfield>
    <subfield code="d">2025-10-28</subfield>
    <subfield code="l">0</subfield>
    <subfield code="o">226.3 B73</subfield>
    <subfield code="p">046929</subfield>
    <subfield code="r">2025-10-28 18:33:40</subfield>
    <subfield code="w">2025-10-28</subfield>
    <subfield code="y">BK</subfield>
  </datafield>
</record>
